Muhammad the Holy prophet (Record no. 65145)
[ view plain ]
| 000 -LEADER | |
|---|---|
| fixed length control field | 00210nam a22001097a 4500 |
| 082 ## - DEWEY DECIMAL CLASSIFICATION NUMBER | |
| Classification number | 297.923GHU |
| 100 ## - MAIN ENTRY--AUTHOR NAME | |
| Personal name | Ghulam |
| 245 ## - TITLE STATEMENT | |
| Title | Muhammad the Holy prophet |
| 260 ## - PUBLICATION, DISTRIBUTION, ETC. (IMPRINT) | |
| Place of publication | lahore |
| 300 ## - PHYSICAL DESCRIPTION | |
| Number of Pages | 425p |
| 942 ## - ADDED ENTRY ELEMENTS (KOHA) | |
| Koha item type | Books |
| Withdrawn status | Lost status | Collection code | Home library | Current library | Date acquired | Full call number | Accession Number | Koha item type |
|---|---|---|---|---|---|---|---|---|
| Reference | Reference Section | Reference Section | 08/07/2019 | 297.923GHU (Shelf - 20D) | R10553 | Books |